| 000 | 00678nam a2200253Ia 4500 | ||
|---|---|---|---|
| 003 | OSt | ||
| 005 | 20221007104524.0 | ||
| 006 | a|||||r|||| 00| 0 | ||
| 007 | ta | ||
| 008 | 221006b |||||||| |||| 00| 0 eng d | ||
| 024 | _a16,079 | ||
| 037 | _cTextual | ||
| 040 |
_aLCO _cLCO _beng |
||
| 041 |
_2eng _aeng |
||
| 082 | _aZ2,7,7,3, L0 | ||
| 100 |
_aAggarwala O.P _9348564 |
||
| 245 | 0 | _aLaw of Specific Relief in India | |
| 250 | _a6th | ||
| 260 |
_aDelhi _bMetropolitan Book Company India _c1970 |
||
| 490 | _vVol.1 & 22 | ||
| 650 |
_aSPECIFIC RELIEF _9681751 |
||
| 942 |
_hZ2,7,7,3, L0 _cTEXL |
||
| 999 |
_c1185642 _d1185642 |
||